Départements d'Occitanie - Mort subite - Statistiques

Statistiques générales
  • Ce quiz a été pris 639 fois
  • Le résultat moyen est 8 sur 13
Answers on the Grid
Answers color-coded by a green-red scale on the quiz's grid according to % correct below.
Pyrénées-Atlantiques
Lot-et-Garonne
Languedoc
Haute-Loire
Garonne
Ardèche
Bouches-du-Rhône
Couserans
Landes
Dordogne
Roussillon
Hérault
Gard
Aude
Lozère
Aveyron
Lot
Tarn
Tarn-et-Garonne
Gers
Hautes-Pyrénées
Pyrénées-Orientales
Ariège
Haute-Garonne
 
Statistiques - réponses
Réponse % Correct
Hérault
69%
Aveyron
65%
Tarn
64%
Aude
63%
Gard
63%
Haute-Garonne
62%
Tarn-et-Garonne
62%
Pyrénées-Orientales
61%
Ariège
60%
Gers
59%
Lot
57%
Hautes-Pyrénées
55%
Lozère
55%
Aucun quiz correspondant
Distribution des résultats
% des personnes avec chaque résultat
Percentile par nombre de réponses
Votre historique - résultats
Vous n’avez pas pris ce quiz